| 000 | 00992cam a2200217 4500 | ||
|---|---|---|---|
| 001 | ##D4045 | ||
| 008 | 090401t1979 xxu||||| |||| 00| 0 eng d | ||
| 020 | _a0080238831 | ||
| 035 | _a(Sirsi) u76324 | ||
| 041 | 0 | _aeng | |
| 050 | 0 | 0 |
_a526.982 _c218 |
| 100 | 1 | _aGhosh, Sanjib K. | |
| 245 | _aAnalytical photogrammetry | ||
| 260 |
_aNew York _aOxford _bPergamon Press _c1979 |
||
| 300 |
_axxviii, 203p. _bill. _c25cm |
||
| 350 | _a12.50 | ||
| 520 | _aAimed a students, researchers and practitioners this text considers the instrumentation of photogrammetry and co-ordinate systems. Examines the geometry of the photgraphs, refinement of photo co-ordinates and the relationship between object and photograph. Finally the text looks at the design of projects, multiple applications, self-calibration and constraints and non-conventional cases. Bibliographies. | ||
| 690 | _aENVIRONMENTAL AND LAND CONSULTANCY-GEOMATICS-PHOTOGRAMMETRY AND REMOTE SENSING | ||
| 942 | _n0 | ||
| 948 | _c04/03/1997 | ||
| 999 |
_c96156 _d96156 |
||